Countries by amount of Debt - Statistics

General Stats
  • This quiz has been taken 31 times
  • The average score is 11 of 15
Answer Stats
Amount Answer % Correct
2.55 trillion China
100%
7.67 trillion France
96%
6.73 trillion Germany
96%
2.69 trillion Spain
96%
10.5 trillion UK
96%
25.8 trillion United States
96%
3.12 trillion Canada
89%
2.77 trillion Italy
89%
4.2 trillion Japan
85%
1.86 trillion Australia
78%
4.14 trillion Netherlands
59%
3.0 trillion Ireland
52%
2.21 trillion Switzerland
48%
2.01 trillion Singapore
26%
3.9 trillion Luxembourg
15%
No matching quizzes found
Score Distribution
Percent of People with Each Score
Percentile by Number Answered
Your Score History
You have not taken this quiz